[Event "AUTO-OPEN-3570"]
[Site "http://www.queenalice.com/game.php?id=1458680"]
[Date "2017.1.9"]
[Round "2"]
[White "celsolrc"]
[Black "bouley"]
[Result "1/2-1/2"]
[WhiteElo "2223"]
[BlackElo "1963"]

1. e4 e5 2. Bc4 Bc5 3. Nc3 Nf6 4. Nge2 O-O 5. O-O d6 6. d3 a6 7. a3 b5 8. Ba2
Bg4 9. Be3 Nbd7 10. Bxc5 Nxc5 11. Qd2 c6 12. f4 Qb6 13. Kh1 exf4 14. Qxf4 Rad8
15. Ng3 Ne6 16. Qf2 Qxf2 17. Rxf2 Nd4 18. Raf1 Be6 19. Bb1 c5 20. Nce2 Ng4 21.
Rf4 Ne3 22. Rc1 d5 23. Nxd4 cxd4 24. Nf1 Ng4 25. Re1 dxe4 26. Rexe4 g5 27. Rf3
h5 28. h3 Nh6 29. Rf2 h4 30. Re5 Rd5 31. Rxd5 Bxd5 32. c3 dxc3 33. bxc3 f5 34.
d4 f4 35. Nd2 Re8 36. Kg1 Kg7 37. Bc2 Kf6 38. Kf1 Nf5 39. Bxf5 Kxf5 40. Kg1 Re1+
41. Rf1 Re2 42. Rf2 Re1+ 43. Rf1 Re2 44. Rf2 Re1+ 45. Rf1 1/2-1/2

[Event "AUTO-OPEN-3570"]
[Site "http://www.queenalice.com/game.php?id=1458681"]
[Date "2017.1.9"]
[Round "2"]
[White "bouley"]
[Black "celsolrc"]
[Result "0-1"]
[WhiteElo "1992"]
[BlackElo "2215"]

1. e4 e6 2. d4 d5 3. e5 c5 4. c3 Nc6 5. Nf3 Bd7 6. Be2 Nh6 7. Bxh6 gxh6 8. dxc5
Bg7 9. Qd2 O-O 10. O-O Qc7 11. Na3 Nxe5 12. b4 a6 13. Nc2 Nxf3+ 14. Bxf3 Bb5 15.
Rfe1 Rad8 16. Nd4 Bc6 17. a4 Bd7 18. a5 e5 19. Ne2 e4 20. Bh5 Qe5 21. g4 f5 22.
Qf4 fxg4 23. Qxe5 Bxe5 24. Nd4 Bxd4 25. cxd4 Kg7 26. h3 Kf6 27. hxg4 Kg5 28. Re3
Rf4 29. Raa3 Rdf8 30. Ra2 Rf3 31. Kg2 R8f4 32. Rxf3 exf3+ 33. Kg3 Rxd4 34. Kxf3
Rxb4 35. Kg3 Rc4 36. f4+ Rxf4 37. Re2 Re4 38. Rxe4 dxe4 39. Bf7 Bc6 40. Be6 Kf6
41. Bf5 Ke5 42. Bxh7 Kd4 43. Kf2 e3+ 44. Ke2 Bb5+ 45. Ke1 Kxc5 46. Be4 Bc6 47.
Bd3 Kb4 48. Ke2 Bb5 49. Kxe3 Bxd3 50. Kxd3 Kxa5 51. Ke4 b5 52. Kf5 b4 53. Kg6 b3
54. Kxh6 b2 55. g5 b1=Q 56. g6 Qxg6+ 57. Kxg6 Kb4 0-1

[Event "Copa do Brasil"]
[Site "http://www.queenalice.com/game.php?id=1499814"]
[Date "2017.10.21"]
[Round "1"]
[White "JUNIOR2"]
[Black "celsolrc"]
[Result "1-0"]
[WhiteElo "1760"]
[BlackElo "2218"]

1. d4 e6 2. c4 c5 3. d5 exd5 4. cxd5 d6 5. Nf3 b5 6. e4 Bb7 7. Bxb5+ Nd7 8. e5
Qe7 9. Bg5 f6 10. e6 O-O-O 11. Bxd7+ Rxd7 12. Be3 Rc7 13. Nc3 Kb8 14. Rb1 Qe8
15. O-O g5 16. b4 cxb4 17. Rxb4 Rxc3 18. Qd4 Rc7 19. Qxa7+ Kc8 20. Rxb7 1-0

[Event "Copa do Brasil"]
[Site "http://www.queenalice.com/game.php?id=1514569"]
[Date "2018.2.3"]
[Round "2"]
[White "celsolrc"]
[Black "Givanildo"]
[Result "1-0"]
[WhiteElo "2218"]
[BlackElo "1659"]

1. c4 d5 2. cxd5 Qxd5 3. Nc3 Qe5 4. Nf3 Qd6 5. d3 Bg4 6. e3 Nd7 7. d4 Qf6 8. Be2
O-O-O 9. O-O Qg6 10. Nh4 Bxe2 11. Nxg6 Bxd1 12. Nxh8 Bh5 13. g4 Bg6 14. Nxg6
fxg6 15. Bd2 e5 16. Rac1 a6 17. Nd5 Bd6 18. Ba5 b6 19. Nxb6+ Nxb6 20. Bxb6 Rd7
21. dxe5 Bxe5 22. Rc2 Kb7 23. Ba5 h5 24. f4 Bd6 25. h3 hxg4 26. hxg4 g5 27. Kg2
gxf4 28. exf4 Nf6 29. Kf3 Nd5 30. f5 c5 31. g5 Re7 32. Re2 Rf7 33. Kg4 g6 34. f6
Kc6 35. Bd8 c4 36. Be7 Bxe7 37. fxe7 Rxe7 38. Rxe7 Nxe7 39. Rf6+ Kb5 40. Re6 Nf5
41. Rxg6 Ne3+ 42. Kf3 Nf5 43. Kf4 Nh4 44. Rf6 a5 45. Kg3 c3 46. bxc3 Kc4 47.
Kxh4 Kxc3 48. Rb6 a4 49. g6 Kc4 50. a3 Kc3 51. Rb4 Kc2 52. g7 1-0

[Event "AUTO-ELITE-1947"]
[Site "http://www.queenalice.com/game.php?id=1517418"]
[Date "2018.2.25"]
[Round "1"]
[White "Alsina"]
[Black "celsolrc"]
[Result "1-0"]
[WhiteElo "2494"]
[BlackElo "2186"]

1. d4 e6 2. Nf3 d5 3. c4 Nf6 4. Nc3 Be7 5. Bg5 O-O 6. e3 a6 7. Rc1 Nc6 8. a3
dxc4 9. Bxc4 b5 10. Bd3 Nd5 11. Nxd5 exd5 12. Bxh7+ Kxh7 13. Qc2+ g6 14. Qxc6
Ra7 15. Bxe7 Qxe7 16. h4 Kg7 17. Qxd5 Be6 18. Qe4 Re8 19. d5 Bf5 20. Qd4+ f6 21.
Qxa7 Be4 22. Rxc7 1-0

[Event "AUTO-ELITE-1947"]
[Site "http://www.queenalice.com/game.php?id=1517419"]
[Date "2018.2.25"]
[Round "1"]
[White "celsolrc"]
[Black "Alsina"]
[Result "0-1"]
[WhiteElo "2144"]
[BlackElo "2514"]

1. c4 e6 2. Nc3 d5 3. cxd5 exd5 4. d3 Nc6 5. g3 d4 6. Nb5 a6 7. Na3 Bb4+ 8. Bd2
Bxd2+ 9. Qxd2 Nge7 10. Bg2 Be6 11. b3 O-O 12. Nf3 Qd7 13. O-O f6 14. Nc2 Qd6 15.
e3 dxe3 16. fxe3 Rad8 17. d4 Bd5 18. Qd3 f5 19. Nh4 g6 20. Rad1 Kg7 21. e4 fxe4
22. Bxe4 Rxf1+ 23. Rxf1 Bxe4 24. Qxe4 Nxd4 25. Nxd4 Qxd4+ 26. Qxd4+ Rxd4 27. Nf3
Rd5 28. Re1 Kf6 29. Kf2 Ra5 30. a4 Rf5 31. g4 Rf4 32. h3 Nd5 33. Kg3 Rb4 34. g5+
Kf7 35. Ne5+ Kg7 36. Rb1 Nc3 37. Rb2 Nxa4 38. Nd3 Nxb2 39. Nxb4 c5 40. Nd5 Nd3
41. Nb6 Nc1 42. Kf3 Kf7 43. Kf4 Ke6 44. Ke4 Nxb3 45. Kd3 Nd4 46. Na4 Kd6 47. Ke4
b5 48. Nb6 a5 49. Nd5 a4 50. Nc3 a3 0-1

[Event "AUTO-ELITE-1947"]
[Site "http://www.queenalice.com/game.php?id=1517424"]
[Date "2018.2.25"]
[Round "1"]
[White "TigranPetrosian"]
[Black "celsolrc"]
[Result "1-0"]
[WhiteElo "2622"]
[BlackElo "2177"]

1. d4 e6 2. c4 c5 3. d5 exd5 4. cxd5 d6 5. Nc3 a6 6. a4 Nf6 7. e4 b6 8. f4 Bb7
9. Nf3 Be7 10. Bc4 O-O 11. O-O Nfd7 12. Re1 Re8 13. e5 dxe5 14. fxe5 Nxe5 15.
Nxe5 Bf6 16. Nf3 Rxe1+ 17. Qxe1 Nd7 18. Qg3 g6 19. h3 Nf8 20. Bg5 Bxg5 21. Nxg5
Qf6 22. Qc7 Qxg5 23. Qxb7 Re8 24. Rf1 Re7 25. Qxb6 Qe3+ 26. Kh1 Qg3 27. Qf6 1-0

[Event "AUTO-ELITE-1947"]
[Site "http://www.queenalice.com/game.php?id=1517425"]
[Date "2018.2.25"]
[Round "1"]
[White "celsolrc"]
[Black "TigranPetrosian"]
[Result "0-1"]
[WhiteElo "2178"]
[BlackElo "2621"]

1. e4 c5 2. Nc3 Nc6 3. Nf3 e6 4. d4 cxd4 5. Nxd4 a6 6. Be3 Nge7 7. Qd2 Nxd4 8.
Bxd4 Nc6 9. Be2 Nxd4 10. Qxd4 Qa5 11. O-O Qb4 12. Qxb4 Bxb4 13. Nd1 b5 14. Bf3
Bb7 15. c3 Be7 16. Ne3 d6 17. Rad1 O-O 18. g3 f5 19. Bg2 fxe4 20. Nc2 Rf6 21.
Ne3 Re8 22. b3 d5 23. f3 Bc5 24. Rde1 Ref8 25. f4 e5 26. fxe5 Rxf1+ 27. Bxf1 Rf3
0-1

[Event "AUTO-MASTER-2699"]
[Site "http://www.queenalice.com/game.php?id=1517465"]
[Date "2018.2.26"]
[Round "1"]
[White "Scharlatan"]
[Black "celsolrc"]
[Result "1-0"]
[WhiteElo "2097"]
[BlackElo "2158"]

1. d4 e6 2. c4 c5 3. d5 exd5 4. cxd5 d6 5. Nc3 a6 6. a4 Nf6 7. e4 b6 8. f4 Be7
9. e5 dxe5 10. fxe5 Nfd7 11. d6 Bh4+ 12. g3 Bg5 13. Nf3 Bxc1 14. Rxc1 O-O 15.
Qd5 Ra7 16. Bd3 Re8 17. O-O g6 18. Ne4 Kg7 19. Bc4 Nxe5 20. Nxe5 Be6 21. Qd3 Bf5
22. Nxf7 Rxf7 23. Bxf7 Rxe4 24. Qf3 Qxd6 25. Rcd1 Qe7 26. Bb3 c4 27. Bc2 Re2 28.
Bxf5 gxf5 29. Qxf5 Qe3+ 30. Kh1 1-0

[Event "AUTO-MASTER-2699"]
[Site "http://www.queenalice.com/game.php?id=1517466"]
[Date "2018.2.26"]
[Round "1"]
[White "celsolrc"]
[Black "Scharlatan"]
[Result "1-0"]
[WhiteElo "2177"]
[BlackElo "2077"]

1. c4 e5 2. Nc3 Nf6 3. d3 d5 4. cxd5 Nxd5 5. g3 c6 6. Bg2 Be6 7. Nf3 Bd6 8. O-O
Nd7 9. Bd2 f5 10. Ng5 Bg8 11. e4 fxe4 12. Ngxe4 Bc7 13. Nxd5 cxd5 14. Nc3 Nf6
15. Rc1 Be6 16. Qa4+ Bd7 17. Nb5 O-O 18. Qb3 Bc6 19. Nxc7 Qxc7 20. Rc5 Rad8 21.
Rfc1 Kh8 22. Bg5 Qd6 23. Bxf6 Qxf6 24. Qc2 Rde8 25. Bxd5 Bxd5 26. Rxd5 Qe6 27.
Rc5 Rf3 28. Rc8 Rxc8 29. Qxc8+ 1-0

[Event "AUTO-MASTER-2699"]
[Site "http://www.queenalice.com/game.php?id=1517477"]
[Date "2018.2.26"]
[Round "1"]
[White "Alexandrovinsk"]
[Black "celsolrc"]
[Result "1-0"]
[WhiteElo "2165"]
[BlackElo "2183"]

1. e4 e6 2. d4 d5 3. exd5 exd5 4. Bd3 Be7 5. Ne2 Nf6 6. O-O O-O 7. c4 c6 8. Nbc3
Be6 9. b3 dxc4 10. bxc4 Qc7 11. Bf4 Bd6 12. Bxd6 Qxd6 13. h3 Nbd7 14. Qc2 g6 15.
Rfd1 Nh5 16. Ne4 Qc7 17. Ng5 Rae8 18. Nxe6 Rxe6 19. g3 Rfe8 20. Re1 Ndf6 21. Qd2
Ne4 22. Bxe4 Rxe4 23. Nc3 Rxe1+ 24. Rxe1 Rxe1+ 25. Qxe1 Qd7 26. Qe5 a6 27. g4
Ng7 28. Ne4 Qe6 29. Nf6+ Kf8 30. Nxh7+ Ke7 31. Qxg7 Qe1+ 32. Kg2 Qe4+ 33. Kg3
Qe6 34. Qf8+ Kd7 35. Qc5 Qd6+ 36. Qxd6+ Kxd6 37. Ng5 f6 38. Ne4+ Ke7 39. f4 b6
40. f5 g5 41. h4 gxh4+ 42. Kxh4 b5 43. c5 b4 44. g5 a5 45. gxf6+ Kd7 46. Kg5 a4
47. Kg6 b3 48. axb3 a3 49. f7 a2 50. f8=Q a1=Q 51. Qd6+ Kc8 52. Qxc6+ Kb8 53.
Nd6 1-0

[Event "AUTO-MASTER-2699"]
[Site "http://www.queenalice.com/game.php?id=1517478"]
[Date "2018.2.26"]
[Round "1"]
[White "celsolrc"]
[Black "Alexandrovinsk"]
[Result "0-1"]
[WhiteElo "2170"]
[BlackElo "2178"]

1. e4 e5 2. Bc4 d6 3. d3 Nf6 4. Ne2 Be7 5. O-O O-O 6. f4 Nc6 7. a3 exf4 8. Nxf4
Ne5 9. Ba2 c5 10. Nd5 Nxd5 11. Bxd5 Rb8 12. Bf4 Bf6 13. Qe1 Be6 14. Nc3 b5 15.
Qg3 Kh8 16. Bxe6 fxe6 17. Ne2 Rb6 18. d4 Ng6 19. e5 Nxf4 20. Nxf4 dxe5 21. dxe5
Be7 22. c3 Kg8 23. Nh5 g6 24. Rxf8+ Qxf8 25. Rf1 Qd8 26. Nf4 Qe8 27. Nh5 b4 28.
Nf6+ Bxf6 29. exf6 Qf7 30. axb4 cxb4 31. c4 h5 32. Qe5 a5 33. c5 Rc6 34. Rd1 Qa7
35. Kh1 Qxc5 36. f7+ Kxf7 37. Rf1+ Kg8 38. Qf6 e5 39. Qf7+ Kh8 40. Qe8+ Kh7 41.
h4 Rc8 42. Qd7+ Kh6 43. Rf7 Qc1+ 44. Kh2 Rh8 45. Qe7 Qe3 46. Rf3 Qe4 47. Qg5+
Kg7 48. Rf5 Qxf5 0-1

[Event "AUTO-MASTER-2699"]
[Site "http://www.queenalice.com/game.php?id=1517483"]
[Date "2018.2.26"]
[Round "1"]
[White "CCapivara"]
[Black "celsolrc"]
[Result "1-0"]
[WhiteElo "2262"]
[BlackElo "2186"]

1. e4 e6 2. d4 d5 3. exd5 exd5 4. Nf3 Bf5 5. Bd3 Bg6 6. O-O Qd6 7. c4 c6 8. Nc3
Nf6 9. Re1+ Be7 10. Qe2 Bxd3 11. Qxd3 O-O 12. c5 Qd8 13. Ne5 b6 14. b4 a5 15. b5
cxb5 16. Qxb5 bxc5 17. dxc5 Qc7 18. Bg5 Bxc5 19. Bxf6 Bxf2+ 20. Kxf2 Qxc3 21.
Be7 Qd4+ 22. Kf1 Rc8 23. Nf3 Qf4 24. Bg5 Qd6 25. Qb7 Qa6+ 26. Qxa6 Nxa6 27. Rad1
Nb4 28. a3 Nc2 29. Re7 f6 30. Bf4 Kf8 31. Bd6 Kg8 32. Rxd5 Re8 33. Rxe8+ Rxe8
34. Rxa5 Ne3+ 35. Kg1 Rd8 36. Bb4 Rc8 37. h3 Rc2 38. g4 Rg2+ 39. Kh1 Rg3 40. Ng1
Nf1 41. Rf5 Ne3 42. Rf3 Rxf3 43. Nxf3 Kf7 44. Nd4 Nd5 45. Kg2 g6 46. Kf3 Nb6 47.
Ke4 h6 48. Bc5 Na4 49. Kd5 Nb2 50. Nc6 f5 51. gxf5 gxf5 52. Bd4 Nd1 53. Ke5 1-0

[Event "AUTO-MASTER-2699"]
[Site "http://www.queenalice.com/game.php?id=1517484"]
[Date "2018.2.26"]
[Round "1"]
[White "celsolrc"]
[Black "CCapivara"]
[Result "0-1"]
[WhiteElo "2219"]
[BlackElo "2228"]

1. e4 d6 2. Bc4 Nf6 3. d3 c6 4. Ne2 e5 5. O-O Be7 6. f4 O-O 7. f5 d5 8. exd5
cxd5 9. Bb3 Nc6 10. c4 d4 11. Ng3 a5 12. a3 Qb6 13. Bc2 e4 14. Bg5 e3 15. Nd2
exd2 16. Qxd2 Qxb2 17. Nh5 Nxh5 18. g4 Bxg5 19. Qxg5 Nf6 20. h4 Qxc2 21. Rf3 Ne5
22. Rg3 Qe2 23. Rf1 h6 24. Qf4 Nxd3 25. Qf3 Qxf3 26. Rfxf3 Ne5 27. Rf4 d3 28.
Rd4 h5 29. gxh5 Bxf5 30. h6 g6 31. c5 Rfd8 32. Rd6 Ne4 33. Rxd8+ Rxd8 0-1

[Event "AUTO-OPEN-3907"]
[Site "http://www.queenalice.com/game.php?id=1517592"]
[Date "2018.2.27"]
[Round "1"]
[White "Torbencarlsen"]
[Black "celsolrc"]
[Result "1-0"]
[WhiteElo "1382"]
[BlackElo "2176"]

1. e4 e6 2. d4 d5 3. Nc3 Bb4 4. exd5 Bxc3+ 5. bxc3 Qxd5 6. Nf3 c5 7. c4 Qd7 8.
c3 Ne7 9. Bd3 O-O 10. O-O Nbc6 11. Ba3 cxd4 12. cxd4 Rd8 13. Qc2 Ng6 14. Rad1 f5
15. d5 exd5 16. cxd5 Nce7 17. Qb3 Kh8 18. Bb5 Qc7 19. d6 1-0

[Event "AUTO-OPEN-3907"]
[Site "http://www.queenalice.com/game.php?id=1517593"]
[Date "2018.2.27"]
[Round "1"]
[White "celsolrc"]
[Black "Torbencarlsen"]
[Result "1-0"]
[WhiteElo "2176"]
[BlackElo "1399"]

1. c4 e5 2. Nc3 Nc6 3. g3 g6 4. Bg2 Bg7 5. d3 f5 6. Nf3 d6 7. O-O Nge7 8. Rb1
O-O 9. Bd2 f4 10. b4 a6 11. a4 Bg4 12. h3 Bd7 13. b5 axb5 14. axb5 Nd4 15. Nxd4
exd4 16. Nd5 g5 17. Nxe7+ Qxe7 18. Bxb7 Bxh3 19. Bxa8 Rxa8 20. Kh2 Bxf1 21. Qxf1
fxg3+ 22. fxg3 1-0

[Event "AUTO-OPEN-3907"]
[Site "http://www.queenalice.com/game.php?id=1517614"]
[Date "2018.2.27"]
[Round "1"]
[White "APSHOOTER"]
[Black "celsolrc"]
[Result "0-1"]
[WhiteElo "1763"]
[BlackElo "2177"]

1. e4 e6 2. Nf3 d5 3. d3 Nf6 4. Nc3 Be7 5. e5 Nfd7 6. d4 c5 7. Bb5 cxd4 8. Bxd7+
Nxd7 9. Qxd4 O-O 10. Bf4 Bc5 11. Qd2 a6 12. Nd4 b5 13. O-O Qb6 14. Nce2 Be7 15.
b3 Nc5 16. b4 Ne4 17. Qe3 Bxb4 18. c3 Be7 19. f3 Nc5 20. Rfb1 Nd7 21. a4 b4 22.
cxb4 Bxb4 23. a5 Qc5 24. h3 Bb7 25. Nc2 Qxe3+ 26. Nxe3 Bxa5 27. Rxb7 Nc5 28. Rb2
Nd3 29. Rba2 Nxf4 30. Rxa5 Nxe2+ 31. Kf2 Nd4 32. Rxa6 Rxa6 33. Rxa6 g6 34. g4
Rb8 35. Ra2 g5 36. Kg3 Nc6 37. Rc2 Nxe5 38. Ng2 Rb3 39. Rf2 d4 40. Ne1 Nd3 41.
Nxd3 Rxd3 42. Kg2 Kg7 43. f4 gxf4 44. Rxf4 h6 45. h4 e5 46. Re4 Kf6 47. Kf2 Ke6
48. g5 h5 49. Ke2 Rh3 50. Kd2 Kf5 51. Re1 Rxh4 52. Rf1+ Rf4 0-1

[Event "AUTO-OPEN-3907"]
[Site "http://www.queenalice.com/game.php?id=1517615"]
[Date "2018.2.27"]
[Round "1"]
[White "celsolrc"]
[Black "APSHOOTER"]
[Result "1-0"]
[WhiteElo "2176"]
[BlackElo "1765"]

1. e4 e5 2. Bc4 Nf6 3. Nc3 a6 4. d3 h6 5. Nge2 Bb4 6. O-O Bxc3 7. Nxc3 Nc6 8. a3
Nd4 9. Ne2 d5 10. exd5 Nxe2+ 11. Qxe2 Qd6 12. f4 Qc5+ 13. Be3 Qd6 14. fxe5 Qxe5
15. Rae1 O-O 16. Qf3 Qxb2 17. Bxh6 Qxc2 18. Bxg7 Kxg7 19. Qxf6+ Kg8 20. Re5 Qd2
21. Rg5+ Qxg5 22. Qxg5+ Kh7 23. Rf4 Bg4 24. Rxg4 1-0

[Event "AUTO-OPEN-3907"]
[Site "http://www.queenalice.com/game.php?id=1517626"]
[Date "2018.2.27"]
[Round "1"]
[White "CCapivara"]
[Black "celsolrc"]
[Result "1-0"]
[WhiteElo "2252"]
[BlackElo "2196"]

1. e4 e6 2. d4 d5 3. exd5 exd5 4. Nf3 Bf5 5. Bd3 Bxd3 6. Qxd3 a6 7. O-O Nf6 8.
Re1+ Be7 9. Qe2 Nc6 10. c3 O-O 11. Ne5 Re8 12. Nxc6 bxc6 13. Bg5 Bf8 14. Qxe8
Nxe8 15. Bxd8 Rxd8 16. Nd2 Nf6 17. b4 Bd6 18. f3 g5 19. Nf1 h5 20. Ng3 g4 21.
Nf5 gxf3 22. Nxd6 f2+ 23. Kxf2 Rxd6 24. Re5 Ng4+ 25. Kg3 Nxe5 26. dxe5 Re6 27.
Re1 f6 28. Kf4 fxe5+ 29. Rxe5 Kf7 30. Rxe6 Kxe6 31. h4 Kf6 32. g4 hxg4 33. Kxg4
Kg6 34. h5+ Kf6 35. Kf4 Kg7 36. Kg5 c5 37. bxc5 c6 38. h6+ Kf7 39. Kf5 a5 40. a4
1-0

[Event "AUTO-OPEN-3907"]
[Site "http://www.queenalice.com/game.php?id=1517627"]
[Date "2018.2.27"]
[Round "1"]
[White "celsolrc"]
[Black "CCapivara"]
[Result "0-1"]
[WhiteElo "2207"]
[BlackElo "2240"]

1. e4 d6 2. Nc3 c6 3. d3 e5 4. Be2 f5 5. Nf3 Nf6 6. Bg5 Be7 7. Qd2 O-O 8. h4 Be6
9. exf5 Bxf5 10. Nh2 Nbd7 11. g4 Be6 12. h5 d5 13. f4 exf4 14. Bxf4 d4 15. Ne4
Nd5 16. Bh6 Bh4+ 17. Kd1 gxh6 18. Qxh6 Ne3+ 19. Kd2 Bd5 20. g5 Bxe4 21. g6 Qe7
22. dxe4 Bg5 23. gxh7+ Kh8 24. Qg6 Nf1+ 25. Kd1 Ne5 26. Qg8+ Rxg8 27. hxg8=Q+
Rxg8 28. Rxf1 Qb4 0-1

[Event "Copa do Brasil"]
[Site "http://www.queenalice.com/game.php?id=1552700"]
[Date "2018.12.12"]
[Round "4"]
[White "Marbol"]
[Black "celsolrc"]
[Result "1-0"]
[WhiteElo "2367"]
[BlackElo "2143"]

1. d4 d5 2. c4 c6 3. Nc3 Nf6 4. Nf3 e6 5. Bg5 Be7 6. e3 O-O 7. Bd3 dxc4 8. Bxc4
Nd5 9. Bxe7 Qxe7 10. O-O Nd7 11. Rc1 N7b6 12. Bb3 a6 13. Ne4 Nd7 14. Ng3 N7f6
15. Re1 Bd7 16. a3 b5 17. e4 Nb6 18. Qd3 Rad8 19. h3 a5 20. Bc2 g6 21. Bb1 Nc4
22. Qc3 a4 23. Ba2 Nb6 24. Ne5 Rc8 25. Qa5 Na8 26. Qd2 Kg7 27. Qg5 Ng8 28. Qxe7
Nxe7 29. Nxd7 Rfd8 30. Nc5 Rxd4 31. Bxe6 Rcd8 32. e5 fxe6 33. Nxe6+ Kf7 34.
Nxd8+ Rxd8 35. Ne4 h6 36. f4 Nc7 37. g3 Ncd5 38. Nd6+ Kg7 39. Kf2 b4 40. Rc4 Rb8
41. h4 bxa3 42. bxa3 Rb3 43. Rxa4 Nf5 44. Nxf5+ gxf5 45. Ra7+ Kf8 46. e6 1-0